Threading homology through algebra (Record no. 22155)
[ view plain ]
| 000 -LEADER | |
|---|---|
| fixed length control field | 01265nam a2200337Ia 4500 |
| 100 1# - MAIN ENTRY--AUTHOR NAME | |
| Personal name | Boffi, G. |
| 245 10 - TITLE STATEMENT | |
| Title | Threading homology through algebra |
| 260 ## - PUBLICATION, DISTRIBUTION, ETC. (IMPRINT) | |
| Place of publication | Oxford : |
| Name of publisher | Clarendon, |
| Year of publication | 2006. |
| 300 ## - PHYSICAL DESCRIPTION | |
| Number of Pages | xi, 255 p. |
| 490 1# - SERIES STATEMENT | |
| Series statement | Oxford mathematical monographs |
| 650 #0 - SUBJECT ADDED ENTRY--TOPICAL TERM | |
| Topical Term | Algebra, Homological. |
| Topical Term | Mathematics. |
| 700 1# - ADDED ENTRY--PERSONAL NAME | |
| Personal name | Buchsbaum, David A. |
| 856 40 - ELECTRONIC LOCATION AND ACCESS | |
| Uniform Resource Identifier | http://site.ebrary.com/lib/rucke/Doc?id=10271446 |
No items available.
